| 000 | 00869nam a2200253 a 4500 | ||
|---|---|---|---|
| 001 | BRCA_5862 | ||
| 005 | 20190320205237.0 | ||
| 008 | 160311t1930----sp-a#####b---#001-0#spa-# | ||
| 041 | _aspa | ||
| 044 | _asp | ||
| 050 | 4 |
_aZ240 _b.V35 _c1930 |
|
| 245 | 1 | 0 |
_aCatálogo de Incunables y libros raros de la Sta. Iglésia Catedrál de Segovia. _cCristino Valverde del Barrio. |
| 260 |
_aSegovia _bImp. del Adelantado _c1930 |
||
| 300 |
_a510 p. _bils., 28 láminas. _c28 cm. |
||
| 500 | _aDedicatoria a Manuel Castro Alonso Arzobispo de Burgos. | ||
| 500 | _aFe de Erratas; Índices | ||
| 500 | _aH114 | ||
| 650 | 1 | 4 |
_aIncunables _xLibros antiguos _914845 |
| 651 | 4 |
_aEspaña _ys. XV y s. XVI _914846 |
|
| 700 | 1 |
_aCristino Valverde del Barrio. _cpbro. d. Cristino Valverde del Barrio. _914847 |
|
| 710 | 2 |
_aCatedral de Segovia _914848 |
|
| 902 | _aGFM | ||
| 942 |
_2lcc _cB |
||
| 999 |
_c5551 _d5551 |
||